000 00514nam a2200181Ia 4500
008 240925s9999 xx 000 0 und d
020 _a020162768X
082 _a004.019 PRE
100 _aPreece, Jenny
245 2 _aA Guide to Usability: Human Factors in Computing
250 _aNA
260 _aHarlow:
_bAddison-Wesley
_c,1993.
300 _axix,634p.
_bNA
_fOriginal
500 _aIncludes Index
600 _aEngineering Technology
650 _aComputer science, information & general works
942 _cBK
999 _c5976
_d5976